Haloo Helsingin! kappaleita lyriikoiden mukaan - Statistics

Yleistilastot
  • Tätä visaa on pelattu 191 kertaa
  • Keskiarvotulos 9 / 15
Vastaustilastot
Sanat Kappale % Oikein
Kuka sä oot ja mitä teet mun edessäni kello viis On aamuyö ja uppoon taas sun silmiis Beibi
93%
Sulje silmät, sulje suu Sulje kaikki aistit, niin tää helpottuu Laske viiteentuhanteen Laske hartiat takas kohdalleen Hulluuden highway
87%
Jos lähden rakkautta etsimään Olen varma, se ei vastaan tuu Mut jos lähden vaan elämään Niin saatan joskus rakastuu Kuussa tuulee
86%
Mä astun baariin sisään Ei missään juuri ketään Ja kävelen suoraan jukeboxin luo Laitoin biisin soimaan Pulp fiction
79%
Valot syttyy ja sammuu samaan aikaan Aika monta miestä ilman paitaa Ja sun käsi liikkuu kuin siipi kolibrilla Seiskyt kertaa sekunnissa Reiviluola
76%
Mä herään aamuviideltä Otan vihreän teekupin liedeltä Ja järjestän vinyylit uusiin pinoihin Mä joraan niitä biisejä Huuda!
68%
Mistä tiedän että kuka on oikea Kun joku on pitkä, joku toinen on soikea Joku on hullu ja joku on kaunis? No toi on Härkä ja toi on Kauris Jos mun pokka pettää
68%
Meil ei oo sormuksii, ei taulutelkkarii Jotka kuuluu siihen kulissiin Jota peloissaan kodiksi kutsutaan Ja jonne haaveet haudataan Maailma on tehty meitä varten
67%
Mies meni itkevää lasta auttamaan Äiti ei uskonu et se tahtois pelastaa Kiitos ei ole kirosana
64%
Se oli sun lämpö, jolla mut koukkuun sait Siihen suureen tunteeseen ei koskaan päde lait Rakas
57%
Nainen sylissään pienoinen ihme Mut elämä päättyikin suureen taisteluun Tuntematon
53%
On kesäyö, hyppään kyytiis, sä näytät hyvältä Viime kerrasta aikaa on ikuisuus En ois uskonut, että voi taas tuntuu tältä, elävältä Tulikärpäset
51%
Ilta laskeutuu tallinnan aukiolla Jalat ei jaksa mua viedä Osaksi ihmisten virtaa kuulen vieläkin Korvissa eiliset äänet Ei Eerika pääse taivaaseen
23%
Voit juosta karkuun tai törmääviin autoihin Voit juosta taikka heittää bensaa liekkeihin Linnanmäki palaa
21%
Ilmaa hengitän, iltaruuhkan
Ilmaa ei se tuo helpotusta
Painaa selässä pettymysten taakka
Vieri vesi vieri
19%
Ehtoja vastaavia visoja ei löytynyt
Tulosjakauma
Jokaisen tuloksen saaneiden osuus
Persentiili vastausten määrän mukaan
Tuloshistoriasi
Et ole pelannut tätä visaa